Công cụ lãnh đạo : Tầm nhìn, cảm hứng, động lực = The tools of leadership
Cuốn sách trình bày phương pháp giúp lãnh đạo nhóm, đội hay tổ chức. Mỗi chương tập chung một phương pháp lãnh đạo riêng, súc tích, minh họa. Công cụ chính của nhà lãnh đạo được trình bày theo quyển sách là: "Lãnh đạo = Tầm nhìn x Cảm hư...
Gorde:
| Egile nagusia: | |
|---|---|
| Formatua: | Liburua |
| Hizkuntza: | Undetermined |
| Argitaratua: |
Thành phố Hồ Chí Minh
Trẻ
2007
|
| Gaiak: | |
| Etiketak: |
Etiketa erantsi
Etiketarik gabe, Izan zaitez lehena erregistro honi etiketa jartzen!
|
| Thư viện lưu trữ: | Trung tâm Học liệu Trường Đại học Cần Thơ |
|---|
| LEADER | 01023nam a2200217Ia 4500 | ||
|---|---|---|---|
| 001 | CTU_136114 | ||
| 008 | 210402s9999 xx 000 0 und d | ||
| 020 | |c 28000 | ||
| 082 | |a 303.34 | ||
| 082 | |b L263 | ||
| 100 | |a Landsberg, Max | ||
| 245 | 0 | |a Công cụ lãnh đạo : | |
| 245 | 0 | |b Tầm nhìn, cảm hứng, động lực = The tools of leadership | |
| 245 | 0 | |c Max Landsberg | |
| 260 | |a Thành phố Hồ Chí Minh | ||
| 260 | |b Trẻ | ||
| 260 | |c 2007 | ||
| 520 | |a Cuốn sách trình bày phương pháp giúp lãnh đạo nhóm, đội hay tổ chức. Mỗi chương tập chung một phương pháp lãnh đạo riêng, súc tích, minh họa. Công cụ chính của nhà lãnh đạo được trình bày theo quyển sách là: "Lãnh đạo = Tầm nhìn x Cảm hứng x Động lực". | ||
| 650 | |a Leadership,Nhà lãnh đạo | ||
| 904 | |i Trọng Hiếu | ||
| 980 | |a Trung tâm Học liệu Trường Đại học Cần Thơ | ||